[Event "5th American Continental"]
[Site "Sao Paulo BRA"]
[Date "2009.07.25"]
[Round "1.104"]
[White "Markzon, Gregory"]
[Black "Elihimas, Frederico Gomes"]
[Result "1-0"]
[WhiteElo "2231"]
[BlackElo "1825"]
[EventDate "2009.07.25"]
[PlyCount "47"]

1.d4 Nf6 2.c4 g6 3.Nc3 Bg7 4.e4 d6 5.Be2 Nbd7 6.Nf3 O-O 7.O-O Re8 8.e5 
dxe5 9.dxe5 Ng4 10.e6 Nde5 11.Nxe5 Nxe5 12.f4 Nc6 13.f5 fxe6 14.fxg6 hxg6 
15.Qc2 Qd4+ 16.Kh1 Ne5 17.Bf4 Nxc4 18.Nb5 Qxb2 19.Qxc4 Bd7 20.Rab1 Qf6 21.
Bg3 Qg5 22.Nxc7 Rec8 23.Qg4 Qxg4 24.Bxg4 1-0

[Event "5th American Continental"]
[Site "Sao Paulo BRA"]
[Date "2009.07.25"]
[Round "1.105"]
[White "Mello, Rodrigo de"]
[Black "Chemin, Vitorio"]
[Result "1/2-1/2"]
[WhiteElo "1819"]
[BlackElo "2228"]
[EventDate "2009.07.25"]
[PlyCount "123"]

1.d4 d5 2.c4 e6 3.Nc3 c5 4.e3 Nf6 5.Nf3 Nc6 6.cxd5 exd5 7.dxc5 Bxc5 8.Bb5 
O-O 9.O-O Bg4 10.Be2 Qd7 11.Nb5 Rfe8 12.Nbd4 Bxd4 13.exd4 Rxe2 14.Qxe2 
Nxd4 15.Qd3 Nxf3+ 16.gxf3 Bh3 17.Re1 d4 18.Re5 Be6 19.Bg5 Nd5 20.Bd2 Ne7 
21.Rae1 Nc6 22.Rh5 g6 23.Rh4 Qd5 24.b3 Bf5 25.Qe2 h5 26.Bc1 Rd8 27.Bg5 Rc8
28.Bf6 Qe6 29.Qxe6 fxe6 30.Rxd4 Kf7 31.Be5 Nxd4 32.Bxd4 Bh3 33.Bxa7 Ra8 
34.Bd4 Rxa2 35.Rc1 Rd2 36.Be5 g5 37.b4 Kg6 38.f4 Rd5 39.Bc7 gxf4 40.Bxf4 
Rd4 41.Be3 Rg4+ 42.Kh1 Rxb4 43.Rc5 e5 44.Rc3 Be6 45.Kg2 Bd5+ 46.Kf1 Bc4+ 
47.Kg2 b5 48.Kf3 Kf5 49.Bc5 Bd5+ 50.Ke2 Rb2+ 51.Ke3 b4 52.Rd3 Bc4 53.Rd8 
Re2+ 54.Kf3 b3 55.Rb8 Re1 56.h4 Bd5+ 57.Kg3 Rg1+ 58.Kh3 Rg7 59.Ba3 Ra7 60.
Bb2 Ra2 61.Bc3 Rxf2 62.Rf8+ 1/2-1/2

[Event "5th American Continental"]
[Site "Sao Paulo BRA"]
[Date "2009.07.25"]
[Round "1.108"]
[White "Borges, Rodrigo da Silva"]
[Black "Costa, Romualdo Mendonca da"]
[Result "1-0"]
[WhiteElo "2221"]
[BlackElo "1813"]
[EventDate "2009.07.25"]
[PlyCount "130"]

1.e4 e5 2.Nf3 Nc6 3.Bb5 a6 4.Ba4 Nf6 5.O-O Be7 6.Re1 b5 7.Bb3 O-O 8.h3 d6 
9.c3 Na5 10.Bc2 c5 11.d4 Qc7 12.Nbd2 Nc6 13.d5 Na5 14.b3 Bd7 15.Nf1 Rfe8 
16.g4 g6 17.Ng3 Kg7 18.Nh2 Ng8 19.Be3 Nb7 20.Qe2 Rec8 21.a4 bxa4 22.bxa4 
Rcb8 23.Bd3 a5 24.Nf3 Nd8 25.Ra2 Rb6 26.Nd2 Rab8 27.Nc4 Rb3 28.Bc2 R3b7 
29.Kg2 f6 30.Rh1 Nf7 31.h4 Ngh6 32.f3 Qc8 33.Raa1 Be8 34.h5 g5 35.Qd2 Bd7 
36.Nf5+ Nxf5 37.exf5 h6 38.Be4 Qc7 39.Qa2 Bd8 40.Bc2 Be8 41.Rab1 Bd7 42.
Rxb7 Rxb7 43.Rb1 Qb8 44.Rxb7 Qxb7 45.Qb2 Qxb2 46.Nxb2 Bc7 47.Bd3 Bc8 48.
Bb5 Kf8 49.Kf2 Ke7 50.Ke1 Nd8 51.Kd2 Bb7 52.c4 Bc8 53.Kc3 Bb6 54.Kb3 Nb7 
55.Nd3 Nd8 56.Bd2 Bc7 57.Ka3 Nf7 58.Bc3 Nd8 59.Nc1 Nb7 60.Nb3 Kd8 61.Ba6 
Kd7 62.Bxb7 Bxb7 63.Bxa5 Ba6 64.Bxc7 Kxc7 65.Nd2 Kb6 1-0

[Event "5th American Continental"]
[Site "Sao Paulo BRA"]
[Date "2009.07.25"]
[Round "1.109"]
[White "Cirilo, Guilherme de Araujo"]
[Black "Barata, Adriano Albiani"]
[Result "0-1"]
[WhiteElo "1803"]
[BlackElo "2220"]
[EventDate "2009.07.25"]
[PlyCount "36"]

1.Nf3 c5 2.b3 Nc6 3.Bb2 d6 4.c4 e5 5.Nc3 g6 6.g3 Bg7 7.d3 Nge7 8.Bg2 O-O 
9.O-O Rb8 10.e3 a6 11.Re1 b5 12.Qe2 b4 13.Ne4 f5 14.Ned2 e4 15.Nxe4 fxe4 
16.dxe4 Bxb2 17.Qxb2 Qc7 18.Rad1 Bg4 0-1

[Event "5th American Continental"]
[Site "Sao Paulo BRA"]
[Date "2009.07.25"]
[Round "1.110"]
[White "Terao, Rodrigo Akira"]
[Black "Ferreira, Jonas de Vargas"]
[Result "1-0"]
[WhiteElo "2219"]
[BlackElo "1771"]
[EventDate "2009.07.25"]
[PlyCount "69"]

1.e4 e6 2.d4 d5 3.Nd2 dxe4 4.Nxe4 Be7 5.Nf3 Bd7 6.Bd3 Bc6 7.O-O Nf6 8.Ng3 
Bxf3 9.Qxf3 Qd5 10.Ne4 Nbd7 11.Be3 O-O-O 12.c4 Qh5 13.Qxh5 Nxh5 14.f4 Nhf6
15.Nxf6 Nxf6 16.Be2 Rhe8 17.Bf3 Nd7 18.a3 Bf6 19.Rad1 Nb6 20.Be2 Rd7 21.
Rd2 Red8 22.Rfd1 Kb8 23.b3 Be7 24.a4 Bb4 25.Rd3 a5 26.Kf1 h6 27.Bf2 Kc8 
28.Bh4 f6 29.d5 exd5 30.Bg4 dxc4 31.bxc4 Bc5 32.Be1 Nxc4 33.Rxd7 Ne3+ 34.
Ke2 Nxd1 35.Rxd1+ 1-0

[Event "5th American Continental"]
[Site "Sao Paulo BRA"]
[Date "2009.07.25"]
[Round "1.112"]
[White "Neto, Francisco Jose dos Santos"]
[Black "Zanetti, Joao Carlos Pereira"]
[Result "1-0"]
[WhiteElo "2211"]
[BlackElo "1746"]
[EventDate "2009.07.25"]
[PlyCount "69"]

1.Nf3 Nf6 2.d4 d5 3.Bf4 e6 4.h3 c5 5.e3 Bd6 6.Bxd6 Qxd6 7.c3 b6 8.Ne5 Nbd7
9.f4 Ne4 10.Bd3 Ng3 11.Rh2 Nf5 12.Bxf5 exf5 13.Nd2 cxd4 14.exd4 O-O 15.Qf3
Nxe5 16.fxe5 Qc6 17.O-O-O b5 18.Kb1 Be6 19.Nb3 a5 20.Nc5 b4 21.Rc1 bxc3 
22.Rxc3 Rfc8 23.g4 g6 24.Rg2 Kh8 25.Qf4 Rab8 26.Qg5 Qb5 27.Rc1 a4 28.Qf6+ 
Kg8 29.gxf5 a3 30.fxe6 fxe6 31.Rxg6+ hxg6 32.Qxg6+ Kh8 33.Qh6+ Kg8 34.Rg1+
Kf7 35.Qh7+ 1-0

[Event "5th American Continental"]
[Site "Sao Paulo BRA"]
[Date "2009.07.25"]
[Round "1.113"]
[White "Figueiredo, Rodrigo Fraga Leandro"]
[Black "Galati, Mario Augusto"]
[Result "0-1"]
[WhiteElo "1709"]
[BlackElo "2206"]
[EventDate "2009.07.25"]
[PlyCount "78"]

1.d4 d5 2.Bf4 Nf6 3.Nf3 c6 4.c3 e6 5.e3 Be7 6.h3 Nbd7 7.Nbd2 O-O 8.Bd3 b6 
9.e4 dxe4 10.Nxe4 Bb7 11.O-O Nxe4 12.Bxe4 Nf6 13.Bd3 c5 14.dxc5 Bxc5 15.
Be2 Ne4 16.Qc2 Qe7 17.Be5 Rfd8 18.Bd4 Rac8 19.Bxc5 Nxc5 20.Rad1 Be4 21.Qc1
Qf6 22.Rxd8+ Rxd8 23.Rd1 h6 24.Rxd8+ Qxd8 25.Ne1 Qd5 26.b3 Bg6 27.Qf4 Qe4 
28.Qb8+ Kh7 29.Kf1 Qb1 30.f3 Qxa2 31.b4 Nd7 32.Qc7 Nf6 33.c4 Qd2 34.Qxa7 
Qxb4 35.Qc7 Qb2 36.Nd3 Qa1+ 37.Ne1 Qd4 38.Qb7 Nh5 39.Qc7 e5 0-1

[Event "5th American Continental"]
[Site "Sao Paulo BRA"]
[Date "2009.07.25"]
[Round "1.115"]
[White "Medina, Diana Sanroman Baeta"]
[Black "Calcado, Acyr Rogerio"]
[Result "0-1"]
[WhiteElo "1699"]
[BlackElo "2201"]
[EventDate "2009.07.25"]
[PlyCount "84"]

1.d4 Nf6 2.Nf3 e6 3.c4 b6 4.g3 Ba6 5.Qc2 c5 6.Bg2 Bb7 7.O-O cxd4 8.Nxd4 
Bxg2 9.Kxg2 Be7 10.Bf4 a6 11.a3 O-O 12.Rd1 d6 13.Be3 Qc7 14.b3 Nbd7 15.Kg1
Rac8 16.Rc1 Ng4 17.Qc3 Bf6 18.h3 Nxe3 19.Qxe3 b5 20.Nd2 Qb6 21.N2f3 bxc4 
22.bxc4 Rc7 23.Rab1 Qa5 24.Rb4 Rfc8 25.Nd2 Qh5 26.h4 d5 27.N4f3 h6 28.Qd3 
g5 29.hxg5 hxg5 30.Rcb1 g4 31.Nh2 Ne5 32.Qe3 dxc4 33.Ne4 Kg7 34.Qf4 Be7 
35.Rb7 Rh8 36.f3 Rxb7 37.Rxb7 Qxh2+ 38.Kf1 Qh1+ 39.Kf2 Rh2+ 40.Ke3 Qg1+ 
41.Kd2 Qd4+ 42.Kc1 Nd3+ 0-1

[Event "5th American Continental"]
[Site "Sao Paulo BRA"]
[Date "2009.07.25"]
[Round "1.117"]
[White "Marques, Joao Paulo Cassemiro"]
[Black "Ferreira, Henrique Camara"]
[Result "0-1"]
[WhiteElo "1593"]
[BlackElo "2198"]
[EventDate "2009.07.25"]
[PlyCount "104"]

1.e4 e6 2.d4 d5 3.exd5 exd5 4.Bd3 Bd6 5.Qf3 Nc6 6.c3 Nge7 7.Ne2 Be6 8.Bf4 
Ng6 9.Bxd6 Qxd6 10.Qg3 Qd7 11.Nd2 O-O-O 12.b4 Nce7 13.Nb3 Nf5 14.Bxf5 Bxf5
15.O-O h5 16.Qe3 h4 17.Nf4 Rde8 18.Qd2 Qd6 19.Nxg6 Qxg6 20.Rae1 Rxe1 21.
Rxe1 Be4 22.f4 h3 23.g3 b6 24.Qf2 Qc6 25.Rc1 Re8 26.Nd2 Bd3 27.Qf3 Qg6 28.
f5 Qxf5 29.Qxf5+ Bxf5 30.Kf2 Kd7 31.Nf1 Kd6 32.Ne3 Bd7 33.Re1 Re4 34.Nc4+ 
Ke6 35.Rxe4+ dxe4 36.Ke3 f5 37.Nd2 g5 38.Nc4 b5 39.Ne5 Be8 40.g4 a6 41.c4 
bxc4 42.gxf5+ Kxf5 43.Nxc4 g4 44.Kf2 Kf4 45.Ne3 c6 46.a3 Bf7 47.Nf1 Bc4 
48.Ne3 Be6 49.Nf1 e3+ 50.Nxe3 Ke4 51.d5 cxd5 52.a4 g3+ 0-1

[Event "5th American Continental"]
[Site "Sao Paulo BRA"]
[Date "2009.07.25"]
[Round "1.118"]
[White "Ramos, Angelo Bil"]
[Black "Gotz, Klaus Seiji Furucho"]
[Result "1-0"]
[WhiteElo "2197"]
[BlackElo "1541"]
[EventDate "2009.07.25"]
[PlyCount "49"]

1.e4 c5 2.Nf3 a6 3.d4 cxd4 4.Nxd4 Nf6 5.Bd3 e5 6.Nf3 Nc6 7.c4 Bb4+ 8.Nbd2 
d6 9.O-O O-O 10.h3 Be6 11.Nb3 h6 12.Be3 Nd7 13.Qe2 Qe7 14.Rfd1 Nc5 15.Nfd2
Rac8 16.Rac1 Rfd8 17.Bb1 Rc7 18.Na1 Bxd2 19.Qxd2 Rcd7 20.b4 Na4 21.Qd3 Nd4
22.Bxd4 exd4 23.Bc2 Nc3 24.Re1 Qf6 25.Nb3 1-0

[Event "5th American Continental"]
[Site "Sao Paulo BRA"]
[Date "2009.07.26"]
[Round "2.18"]
[White "Leon Hoyos, Manuel"]
[Black "Alvarez Ramirez, Miguel Angel"]
[Result "1-0"]
[WhiteElo "2525"]
[BlackElo "2236"]
[EventDate "2009.07.25"]
[PlyCount "71"]

1.c4 c5 2.Nf3 e6 3.g3 d5 4.Bg2 Nc6 5.O-O Nf6 6.d4 Be7 7.cxd5 exd5 8.Nc3 
O-O 9.b3 Ne4 10.Bb2 Bf6 11.Na4 b6 12.Rc1 Ba6 13.Re1 Re8 14.Ba1 Qe7 15.dxc5
Bxa1 16.Rxa1 bxc5 17.Rc1 Rac8 18.a3 d4 19.e3 d3 20.Nd2 Nxd2 21.Qxd2 Ne5 
22.f4 Ng4 23.h3 Nf6 24.e4 c4 25.bxc4 Qxa3 26.Nb2 Bb7 27.e5 Bxg2 28.Kxg2 
Nd7 29.Nxd3 Qa6 30.Nb4 Qb7+ 31.Kh2 Nc5 32.Nd5 Rb8 33.Qe3 Qc6 34.Rb1 Kf8 
35.Qa3 a6 36.h4 1-0

[Event "5th American Continental"]
[Site "Sao Paulo BRA"]
[Date "2009.07.26"]
[Round "2.20"]
[White "Diamant, Andre"]
[Black "Ramon Pita, Vivian"]
[Result "1/2-1/2"]
[WhiteElo "2520"]
[BlackElo "2233"]
[EventDate "2009.07.25"]
[PlyCount "98"]

1.d4 Nf6 2.c4 d6 3.Nc3 c6 4.Bf4 g6 5.h3 Bg7 6.Nf3 O-O 7.e3 a5 8.Be2 Na6 9.
O-O Nd7 10.Bh2 e5 11.Qc2 Qe7 12.Rad1 f5 13.a3 Kh8 14.Na4 g5 15.c5 dxc5 16.
Bxa6 Rxa6 17.Bxe5 Nxe5 18.Nxe5 cxd4 19.exd4 f4 20.Rfe1 Qc7 21.Nc5 Ra8 22.
Qe2 Bxe5 23.Qxe5+ Qxe5 24.Rxe5 h6 25.Rde1 b6 26.Na4 Rb8 27.Re7 Bf5 28.Rc7 
b5 29.Nc5 Rbc8 30.Rce7 Kg8 31.R1e5 Rf6 32.d5 cxd5 33.Rxd5 b4 34.axb4 axb4 
35.Rb7 b3 36.Re5 Bc2 37.Nxb3 Bxb3 38.Rxb3 Rc1+ 39.Kh2 Rc2 40.f3 Kg7 41.h4 
gxh4 42.Rb7+ Kg6 43.Rb4 Rd2 44.Kh3 Rc2 45.Reb5 Rc1 46.Kh2 h3 47.gxh3 Rc2+ 
48.Kg1 Re6 49.Rb6 Rc1+ 1/2-1/2

[Event "5th American Continental"]
[Site "Sao Paulo BRA"]
[Date "2009.07.26"]
[Round "2.21"]
[White "Bueno Junior, Alfeu Varela"]
[Black "Mareco, Sandro"]
[Result "0-1"]
[WhiteElo "2262"]
[BlackElo "2515"]
[EventDate "2009.07.25"]
[PlyCount "82"]

1.e4 c5 2.Nc3 e6 3.f4 a6 4.a4 Nc6 5.Nf3 d5 6.g3 Nf6 7.e5 Nd7 8.Bg2 Be7 9.
O-O O-O 10.d3 Rb8 11.Ne2 b5 12.axb5 axb5 13.c3 b4 14.Be3 Qb6 15.Rf2 Ba6 
16.g4 bxc3 17.bxc3 Rfd8 18.d4 Bc4 19.Bf1 cxd4 20.Nexd4 Nxd4 21.Bxd4 Bc5 
22.Bxc4 dxc4 23.Qa4 Bxd4 24.Nxd4 Nc5 25.Qxc4 Ne4 26.Ra6 Qb1+ 27.Qf1 Nxf2 
28.Kxf2 Qe4 29.Kg3 h6 30.Qf3 Qe1+ 31.Kh3 Rb2 32.Rd6 Rc8 33.Nc6 Qg1 34.Qg3 
Qf1+ 35.Kh4 Qh1 36.Ne7+ Kf8 37.h3 Kxe7 38.f5 Qf1 39.f6+ gxf6 40.exf6+ Kxf6
41.Qf4+ Qxf4 0-1

[Event "5th American Continental"]
[Site "Sao Paulo BRA"]
[Date "2009.07.26"]
[Round "2.22"]
[White "Perez Rodriguez, Luis Manuel"]
[Black "Markzon, Gregory"]
[Result "1-0"]
[WhiteElo "2512"]
[BlackElo "2231"]
[EventDate "2009.07.25"]
[PlyCount "72"]

1.e4 e5 2.Nf3 Nc6 3.Bb5 a6 4.Ba4 Nf6 5.O-O Be7 6.Re1 b5 7.Bb3 d6 8.c3 O-O 
9.h3 Na5 10.Bc2 c5 11.d4 Qc7 12.a3 Bd7 13.b4 Nc4 14.bxc5 dxc5 15.dxe5 Ne8 
16.Bf4 Be6 17.Nbd2 g6 18.Nxc4 Bxc4 19.Nd2 Be6 20.Nf1 f6 21.Ne3 fxe5 22.Nd5
Qd6 23.Bxe5 Qxe5 24.Nxe7+ Kg7 25.Nd5 Rd8 26.a4 Qg5 27.f4 Qf6 28.axb5 axb5 
29.Qd2 Bxd5 30.exd5 Qxf4 31.Re7+ Kh6 32.Qd3 Rf6 33.Re2 Qf1+ 34.Kh2 Qf4+ 
35.Qg3 Qxg3+ 36.Kxg3 Rf8 1-0

[Event "5th American Continental"]
[Site "Sao Paulo BRA"]
[Date "2009.07.26"]
[Round "2.23"]
[White "Barreto Filho, Carlos Alberto"]
[Black "Matsuura, Everaldo"]
[Result "0-1"]
[WhiteElo "2257"]
[BlackElo "2491"]
[EventDate "2009.07.25"]
[PlyCount "88"]

1.d4 d5 2.Nc3 Nf6 3.Bg5 Nbd7 4.Qd3 c6 5.e4 dxe4 6.Nxe4 Nxe4 7.Qxe4 Qb6 8.
Bc1 Nf6 9.Qd3 e5 10.dxe5 Ng4 11.Nh3 Bc5 12.Qg3 Bd4 13.c3 Bxe5 14.f4 Bf6 
15.Nf2 h5 16.Bd3 Be6 17.h3 Nh6 18.Qe3 Qxe3+ 19.Bxe3 Nf5 20.Bxf5 Bxf5 21.
O-O O-O-O 22.Rad1 b6 23.Rxd8+ Rxd8 24.Rd1 Re8 25.Re1 c5 26.Kf1 Be6 27.a3 
Bc4+ 28.Kg1 Bh4 29.Bd2 Rd8 30.Bc1 f5 31.Re3 Kc7 32.g3 Bf6 33.h4 Kc6 34.Re1
Kb5 35.Nd1 Ka4 36.Ne3 Bd3 37.Kf2 Kb3 38.Rd1 c4 39.Ng2 Kc2 40.Re1 Be4 41.
Ne3+ Kb3 42.Nd1 b5 43.Ne3 Rd3 44.Re2 Bd8 0-1

[Event "5th American Continental"]
[Site "Sao Paulo BRA"]
[Date "2009.07.26"]
[Round "2.26"]
[White "Martins, Vinicius Tine"]
[Black "Bhat, Vinay"]
[Result "1/2-1/2"]
[WhiteElo "2250"]
[BlackElo "2473"]
[EventDate "2009.07.25"]
[PlyCount "81"]

1.Nf3 d5 2.d4 Nf6 3.c4 c6 4.Nc3 e6 5.Bg5 h6 6.Bh4 dxc4 7.e4 g5 8.Bg3 b5 9.
Be2 Bb7 10.O-O Nbd7 11.Ne5 h5 12.Nxd7 Qxd7 13.Be5 Rh6 14.Qc2 Ng4 15.Bxg4 
hxg4 16.Qe2 f6 17.Bg3 c5 18.d5 e5 19.a4 b4 20.Nd1 f5 21.exf5 Qxd5 22.Ne3 
Qe4 23.Qxc4 Qxc4 24.Nxc4 Ba6 25.Rac1 Bxc4 26.Rxc4 Rf6 27.Rd1 Rc8 28.Kf1 
Rxf5 29.Ke2 Rd8 30.Rxd8+ Kxd8 31.Rxg4 Kd7 32.Kd3 Ke6 33.Kc4 a6 34.f3 Be7 
35.Re4 Bd6 36.h3 Rf8 37.Re2 Rd8 38.Rd2 Rf8 39.Re2 Rd8 40.Rd2 Rf8 41.Re2 
1/2-1/2

[Event "5th American Continental"]
[Site "Sao Paulo BRA"]
[Date "2009.07.26"]
[Round "2.27"]
[White "Zambrana, Oswaldo"]
[Black "Borges, Rodrigo da Silva"]
[Result "1-0"]
[WhiteElo "2473"]
[BlackElo "2221"]
[EventDate "2009.07.25"]
[PlyCount "63"]

1.e4 c5 2.Nf3 d6 3.d4 cxd4 4.Nxd4 Nf6 5.Nc3 a6 6.Bg5 e6 7.f4 Qb6 8.Qd2 
Qxb2 9.Nb3 Qa3 10.Bxf6 gxf6 11.Be2 h5 12.O-O Nd7 13.Kh1 h4 14.h3 b6 15.Bg4
Be7 16.Nd4 Bb7 17.Rf3 Rc8 18.Rb1 Qa5 19.Nb3 Qb4 20.Re3 Rg8 21.Qe1 Rd8 22.
a4 Qc4 23.Na5 bxa5 24.Rxb7 Qc6 25.Rb1 Rh8 26.Nd5 Qxa4 27.Rb7 exd5 28.Rxd7 
Qxd7 29.Bxd7+ Rxd7 30.exd5 Kd8 31.Qe2 Rg8 32.Qh5 1-0

[Event "5th American Continental"]
[Site "Sao Paulo BRA"]
[Date "2009.07.26"]
[Round "2.28"]
[White "Avalos Parra, Joao"]
[Black "Bittencourt, Jorge"]
[Result "1/2-1/2"]
[WhiteElo "2243"]
[BlackElo "2471"]
[EventDate "2009.07.25"]
[PlyCount "35"]

1.d4 Nf6 2.c4 e6 3.Nf3 b6 4.g3 Bb7 5.Bg2 Be7 6.Nc3 Ne4 7.Bd2 f5 8.Qc2 Bf6 
9.Ne5 d5 10.cxd5 exd5 11.Qa4+ c6 12.Bf4 O-O 13.Rd1 Qe8 14.h4 Bxe5 15.Bxe5 
Nd7 16.Bf4 Qe6 17.Qb3 Rae8 18.Nxe4 1/2-1/2

[Event "5th American Continental"]
[Site "Sao Paulo BRA"]
[Date "2009.07.26"]
[Round "2.29"]
[White "El Debs, Felipe De Cresce"]
[Black "Terao, Rodrigo Akira"]
[Result "1-0"]
[WhiteElo "2467"]
[BlackElo "2219"]
[EventDate "2009.07.25"]
[PlyCount "43"]

1.Nf3 Nf6 2.c4 g6 3.Nc3 d5 4.cxd5 Nxd5 5.e4 Nxc3 6.dxc3 Qxd1+ 7.Kxd1 f6 8.
Bc4 e5 9.Be3 Nd7 10.Ne1 Nc5 11.f3 Be6 12.Bxe6 Nxe6 13.Nd3 O-O-O 14.Kc2 h5 
15.a4 Kb8 16.Rhd1 Bh6 17.Bxh6 Rxh6 18.Nc5 b6 19.Nxe6 Re8 20.Rd8+ Rxd8 21.
Nxd8 a5 22.b4 1-0

[Event "5th American Continental"]
[Site "Sao Paulo BRA"]
[Date "2009.07.26"]
[Round "2.31"]
[White "Di Berardino, Diego Rafael"]
[Black "Neto, Francisco Jose dos Santos"]
[Result "1/2-1/2"]
[WhiteElo "2453"]
[BlackElo "2211"]
[EventDate "2009.07.25"]
[PlyCount "114"]

1.Nf3 Nf6 2.c4 b6 3.g3 Bb7 4.Bg2 e6 5.O-O Be7 6.Nc3 c5 7.Re1 d6 8.e4 Nbd7 
9.d4 cxd4 10.Nxd4 O-O 11.e5 dxe5 12.Bxb7 exd4 13.Bxa8 dxc3 14.Bg2 Bb4 15.
Rf1 Nc5 16.Qc2 Qd3 17.Qxd3 Nxd3 18.a3 Nxc1 19.axb4 Ne2+ 20.Kh1 c2 21.Bf3 
c1=Q 22.Rfxc1 Nxc1 23.Rxc1 Rc8 24.b3 Kf8 25.Ra1 Rc7 26.Kg1 g5 27.Kf1 Ke7 
28.Ke2 Rd7 29.Ke3 Rc7 30.h3 Nd7 31.Bg2 f5 32.b5 e5 33.Bc6 Nc5 34.b4 Nb3 
35.Ra2 Nd4 36.Bd5 Kd6 37.Rd2 f4+ 38.Ke4 h5 39.Rd1 f3 40.Kd3 Rc8 41.Bf7 h4 
42.gxh4 gxh4 43.Ke3 Rf8 44.Bh5 Rf4 45.Bg4 Ke7 46.Kd3 Kd6 47.Rc1 Ne2 48.c5+
Kc7 49.Ra1 Rxb4 50.Rxa7+ Kb8 51.cxb6 e4+ 52.Ke3 Rxb5 53.Kxe4 Rxb6 54.Rh7 
Ng1 55.Rxh4 Rb4+ 56.Ke3 Rb2 57.Rh7 Re2+ 1/2-1/2

[Event "5th American Continental"]
[Site "Sao Paulo BRA"]
[Date "2009.07.26"]
[Round "2.33"]
[White "Name, Gabriel Ricardo Salim"]
[Black "Dos Santos, Ramiro"]
[Result "0-1"]
[WhiteElo "2226"]
[BlackElo "2438"]
[EventDate "2009.07.25"]
[PlyCount "39"]

1.d4 Nf6 2.c4 g6 3.Nc3 d5 4.Nf3 Bg7 5.e3 O-O 6.Bd2 b6 7.b4 Ne4 8.Nxd5 c5 
9.b5 Bb7 10.Rc1 e6 11.Nc3 Nxd2 12.Nxd2 cxd4 13.exd4 Qxd4 14.Nf3 Qf6 15.Be2
Bh6 16.Rc2 Rd8 17.Qa1 Qf5 18.Qb2 Nd7 19.O-O Nc5 20.Ne1 0-1

[Event "5th American Continental"]
[Site "Sao Paulo BRA"]
[Date "2009.07.26"]
[Round "2.34"]
[White "Perez, Federico"]
[Black "Sanchez Castillo, Sarai"]
[Result "0-1"]
[WhiteElo "2435"]
[BlackElo "2202"]
[EventDate "2009.07.25"]
[PlyCount "78"]

1.e4 e6 2.d4 d5 3.Nc3 Bb4 4.e5 c5 5.a3 Bxc3+ 6.bxc3 Ne7 7.Qg4 Qc7 8.Qxg7 
Rg8 9.Qxh7 cxd4 10.Ne2 dxc3 11.f4 Nbc6 12.Qd3 Bd7 13.Nxc3 a6 14.Ne2 Rc8 
15.Bd2 Nf5 16.Rb1 Na5 17.g4 Rxg4 18.Bh3 Rg8 19.Bxf5 exf5 20.Nd4 Nc4 21.Bb4
Qb6 22.Rb3 Qh6 23.Ne2 Qh4+ 24.Kd1 Ba4 25.Qxf5 Rc6 26.Qh3 Nb2+ 27.Kc1 Rxc2+
28.Kb1 Qxh3 29.Rxh3 Rxe2 30.Rg3 Rh8 31.e6 Nc4 32.exf7+ Kxf7 33.Rhg1 Rhxh2 
34.Rg7+ Ke6 35.f5+ Kxf5 36.R7g5+ Ke6 37.Rg6+ Kd7 38.Rg7+ Kc8 39.Rg8+ Re8 
0-1

[Event "5th American Continental"]
[Site "Sao Paulo BRA"]
[Date "2009.07.26"]
[Round "2.37"]
[White "Uribe Bedoya, Mauricio"]
[Black "Ramos, Angelo Bil"]
[Result "1-0"]
[WhiteElo "2413"]
[BlackElo "2197"]
[EventDate "2009.07.25"]
[PlyCount "105"]

1.e4 c5 2.Nf3 Nc6 3.d4 cxd4 4.Nxd4 Nf6 5.Nc3 e5 6.Ndb5 d6 7.Bg5 a6 8.Na3 
b5 9.Nd5 Be7 10.Bxf6 Bxf6 11.c4 b4 12.Nc2 O-O 13.g3 a5 14.Qf3 Be6 15.Rd1 
Bxd5 16.Rxd5 Qc7 17.Be2 a4 18.O-O Rfb8 19.Rb5 Rb6 20.Rd1 Rab8 21.h4 Be7 
22.Kg2 R6b7 23.b3 axb3 24.axb3 Ra7 25.Ne3 Rxb5 26.cxb5 Nd4 27.Rxd4 exd4 
28.Nd5 Qd8 29.Nxb4 Qd7 30.Bc4 Bd8 31.Nc6 Bb6 32.Nxa7 Qxa7 33.Qf5 Qe7 34.
Qc8+ Qd8 35.Qb7 Qc7 36.Qa8+ Qd8 37.Qd5 Qe7 38.f4 h6 39.Kf3 Qc7 40.h5 Kf8 
41.Ke2 Qe7 42.Kd3 Qc7 43.g4 Kg8 44.Qa8+ Kh7 45.Qe8 d5 46.exd5 Qxf4 47.Qe4+
Qxe4+ 48.Kxe4 g5 49.d6 Kg7 50.Bd3 Kf8 51.Kd5 Ke8 52.Kc6 Ba7 53.Kc7 1-0

[Event "5th American Continental"]
[Site "Sao Paulo BRA"]
[Date "2009.07.26"]
[Round "2.39"]
[White "Perdomo, Leandro"]
[Black "Campos, Alexandre Ferreira"]
[Result "1-0"]
[WhiteElo "2409"]
[BlackElo "2194"]
[EventDate "2009.07.25"]
[PlyCount "48"]

1.d4 Nf6 2.c4 e6 3.Nf3 b6 4.g3 Ba6 5.Nbd2 Bb4 6.Qb3 Qe7 7.Bg2 d5 8.Ne5 Bb7
9.Qa4+ c6 10.O-O O-O 11.a3 Bd6 12.cxd5 exd5 13.Ndf3 Ne4 14.Bf4 f6 15.Nd3 
Nd7 16.Bh3 Rfe8 17.Rac1 Nf8 18.Rxc6 Bxf4 19.Nxf4 Ng5 20.Nxd5 Qf7 21.Nc7 
Rxe2 22.Nxa8 Bxa8 23.Qd1 Bxc6 24.Qxe2 Qd5 1-0

[Event "5th American Continental"]
[Site "Sao Paulo BRA"]
[Date "2009.07.26"]
[Round "2.40"]
[White "Calcado, Acyr Rogerio"]
[Black "Espinosa Flores, Rafael"]
[Result "1/2-1/2"]
[WhiteElo "2201"]
[BlackElo "2401"]
[EventDate "2009.07.25"]
[PlyCount "97"]

1.e4 c5 2.Nf3 Nc6 3.d4 cxd4 4.Nxd4 Nf6 5.Nc3 e5 6.Ndb5 d6 7.Bg5 a6 8.Na3 
b5 9.Bxf6 gxf6 10.Nd5 f5 11.exf5 Bxf5 12.c3 Bg7 13.Nc2 O-O 14.Nce3 Be6 15.
Bd3 f5 16.Qh5 e4 17.Bc2 Ne7 18.Rd1 Ng6 19.O-O a5 20.g4 Nh4 21.gxf5 Bxf5 
22.f4 Bg6 23.Qg4 Nf5 24.Nxf5 Bxf5 25.Qg2 Qh4 26.Bxe4 Bh3 27.Qf2 Qg4+ 28.
Bg2 Rae8 29.Qg3 Qxg3 30.hxg3 Bg4 31.Bf3 Bf5 32.Nc7 Rb8 33.Rxd6 b4 34.Na6 
Rbd8 35.Rxd8 Rxd8 36.Rd1 Rxd1+ 37.Bxd1 bxc3 38.bxc3 Bxc3 39.Bb3+ Kg7 40.
Nc7 h5 41.Kh2 Bd2 42.Kg2 h4 43.Be6 Be4+ 44.Kh3 hxg3 45.Kxg3 Kf6 46.Bb3 Kf5
47.Be6+ Kf6 48.Bg8 Bc6 49.Nd5+ 1/2-1/2

[Event "5th American Continental"]
[Site "Sao Paulo BRA"]
[Date "2009.07.26"]
[Round "2.41"]
[White "Fusco, Leonardo"]
[Black "Cominato Neto, Jose Luis"]
[Result "1/2-1/2"]
[WhiteElo "2401"]
[BlackElo "2184"]
[EventDate "2009.07.25"]
[PlyCount "68"]

1.e4 c6 2.d4 d5 3.e5 Bf5 4.Nd2 h5 5.Ngf3 e6 6.Nb3 Nd7 7.Be2 Be7 8.h4 Bg4 
9.Ng5 Bxe2 10.Qxe2 g6 11.Qd3 Nh6 12.Nxe6 fxe6 13.Qxg6+ Nf7 14.Qxe6 Nf8 15.
Qf5 Qd7 16.Qf3 O-O-O 17.Bd2 Qe6 18.O-O-O Nd7 19.Rde1 Nh6 20.Bxh6 Qxh6+ 21.
Qe3 Qxe3+ 22.Rxe3 Rdf8 23.Re2 Rf5 24.Kd2 Nf8 25.g3 Ne6 26.Rd1 Kd7 27.Ke1 
Rg8 28.c3 Ng7 29.Rd3 b6 30.Nd2 Ke6 31.Nf1 Rf7 32.Ne3 Nf5 33.Ng2 Nh6 34.b3 
Rg4 1/2-1/2

[Event "5th American Continental"]
[Site "Sao Paulo BRA"]
[Date "2009.07.26"]
[Round "2.42"]
[White "Ferreira, Henrique Camara"]
[Black "Tsuboi, Edson"]
[Result "1/2-1/2"]
[WhiteElo "2198"]
[BlackElo "2399"]
[EventDate "2009.07.25"]
[PlyCount "86"]

1.d4 Nf6 2.Nf3 e6 3.c4 b6 4.g3 Ba6 5.b3 b5 6.Bg2 bxc4 7.Ne5 Bb4+ 8.Nd2 Bc3
9.Rb1 c6 10.O-O Bxd4 11.Ndxc4 Bxe5 12.Nxe5 Qc7 13.Bf4 Nh5 14.Nxf7 Nxf4 15.
Nxh8 Nxg2 16.Qc2 g6 17.Nxg6 hxg6 18.Qxg6+ Ke7 19.Qg7+ Ke8 20.Kxg2 c5 21.f3
Qb7 22.h4 Nc6 23.h5 Nd4 24.e4 d6 25.Qg6+ Qf7 26.Qxf7+ Kxf7 27.Rf2 Kg7 28.
g4 e5 29.Kg3 Rf8 30.Re1 Bb5 31.Re3 a5 32.Rd2 Kh6 33.Rf2 Kg5 34.Rh2 Rf6 35.
Rd2 Bc6 36.Rf2 Rf4 37.Rh2 Rf6 38.Rf2 Bd7 39.Rh2 Bc8 40.Rd3 Be6 41.Rhd2 Rf4
42.Rh2 Rf6 43.Rhd2 Bc8 1/2-1/2

[Event "5th American Continental"]
[Site "Sao Paulo BRA"]
[Date "2009.07.26"]
[Round "2.43"]
[White "Mosquera Klinger, Miguel"]
[Black "Batista, Renato Luiz"]
[Result "1/2-1/2"]
[WhiteElo "2393"]
[BlackElo "2178"]
[EventDate "2009.07.25"]
[PlyCount "75"]

1.e4 c5 2.Nf3 d6 3.d4 cxd4 4.Nxd4 Nf6 5.Nc3 g6 6.Be3 Bg7 7.f3 O-O 8.Qd2 
Nc6 9.Bc4 Bd7 10.O-O-O Ne5 11.Bb3 Rb8 12.Bh6 b5 13.Bxg7 Kxg7 14.f4 Nc4 15.
Qe2 Bg4 16.Nf3 Qb6 17.Rhe1 Rfc8 18.h3 Bxf3 19.Qxf3 b4 20.Nd5 Nxd5 21.exd5 
Rb7 22.Re4 Na5 23.Rde1 Nxb3+ 24.axb3 Rbc7 25.R4e2 a5 26.Kb1 Qd4 27.g4 Rc5 
28.g5 Qxd5 29.Qxd5 Rxd5 30.Rxe7 Rd2 31.Rc1 Rh2 32.Rd7 Rc6 33.c3 Rxh3 34.
cxb4 Rxc1+ 35.Kxc1 axb4 36.Rxd6 Rxb3 37.Rb6 h5 38.gxh6+ 1/2-1/2

[Event "5th American Continental"]
[Site "Sao Paulo BRA"]
[Date "2009.07.26"]
[Round "2.44"]
[White "Paiva, Pedro Henrique de"]
[Black "Garcia, Gildardo"]
[Result "0-1"]
[WhiteElo "2195"]
[BlackElo "2390"]
[EventDate "2009.07.25"]
[PlyCount "33"]

1.e4 e5 2.Nf3 Nc6 3.Bb5 a6 4.Ba4 Nf6 5.O-O b5 6.Bb3 Bc5 7.c3 d6 8.d4 Bb6 
9.h3 O-O 10.a4 Rb8 11.axb5 axb5 12.Re1 h6 13.Be3 exd4 14.Nxd4 Na5 15.Bc2 
Bb7 16.Nb3 Bxe3 17.Rxe3 0-1